Les 20 quartiers de Paris les plus peuplés - Statistiques

Statistiques générales
  • Ce quiz a été pris 63 fois
  • Le résultat moyen est 6 sur 20
Statistiques - réponses
Population Arrondissement Quartiers % Correct
72 710 16e Auteuil
60%
42 302 17e Batignolles
46%
68 873 18e Clignancourt
40%
45 039 17e Épinettes
34%
72 129 13e Gare
34%
48 021 15e Grenelle
34%
61 289 15e Javel
34%
46 284 20e Père-Lachaise
34%
46 611 16e Muette
32%
67 395 20e Charonne
30%
59 279 14e Plaisance
30%
46 320 20e Saint-Fargeau
30%
67 201 13e Maison-Blanche
28%
86 656 15e Saint-Lambert
26%
55 348 19e Vilette
26%
57 924 19e Amérique
24%
71 028 18e Grandes-Carrières
24%
47 393 15e Necker
24%
46 427 11e Roquette
20%
64 753 20e Picpus
16%
Aucun quiz correspondant
Distribution des résultats
% des personnes avec chaque résultat
Percentile par nombre de réponses
Votre historique - résultats
Vous n’avez pas pris ce quiz